000 006170000a22001810004500
003 MACL
005 20160302134334.0
008 160302b xxu||||| |||| 00| 0 eng d
040 _aMACL
_cMACL
041 _aHindi
082 _a891.431
100 _aराणा भवान सिंह
_942025
245 _aभारत के अमर क्रांतिकारी रामप्रसाद बिस्मिल
260 _bभारतीय ग्रन्‍थ निकेतन
_c1988
_aनई दिल्‍ली
350 _a30
650 _aGography
_942026
942 _cHIN
_k920
_2ddc
999 _c29104
_d29104